Bonded labour : (Record no. 2684)
[ view plain ]
| 000 -LEADER | |
|---|---|
| fixed length control field | 00859nam a2200145Ia 4500 |
| 005 - DATE AND TIME OF LATEST TRANSACTION | |
| control field | 20240502062152.0 |
| 008 - FIXED-LENGTH DATA ELEMENTS--GENERAL INFORMATION | |
| fixed length control field | 240331s9999 xx 000 0 und d |
| 082 ## - DDC Classification | |
| Item Number - Author Mark | HOL |
| Class No. | 331.62 |
| 100 ## - MAIN ENTRY--PERSONAL NAME | |
| Personal name | Hollup, Oddvar |
| 245 #0 - TITLE STATEMENT | |
| Title | Bonded labour : |
| Remainder of title | caste and cultural identity among Tamil plantation workers in Sri Lanka |
| 260 ## - PUBLICATION, DISTRIBUTION, ETC. | |
| Place of publication, distribution, etc. | New Delhi |
| Name of publisher, distributor, etc. | Charles subasinghe & sons |
| 300 ## - PHYSICAL DESCRIPTION | |
| Extent (e.g. Volumes, Pages etc.) | 330 p ., |
| 500 ## - GENERAL NOTE | |
| General note | This book is concerned with how the descendants of Indian Tamils in Sri Lanka have adapted themselves to the changing conditions on the plantations as well as to the larger society in the country. it shows how their ancestors, brought over as 'coolies' to work first on coffee and then in tea and rubber plantations, managed to survive their experiences as anonymous units in an industrial system and were able to preserve their cultural identity. |
| 942 ## - Koha item type (Biblio) | |
| Koha item type | Books in Stacks (Lending) |
| Lost status | Damaged status | Collection code | Home library | Current library | Shelving location | Date acquired | Full call number | Accession Number | Item type |
|---|---|---|---|---|---|---|---|---|---|
| Lending | WERC Library | WERC Library | Social Science Cupboard | 03/31/2024 | 331.62 HOL | 5057 | Books in Stacks (Lending) |
